000 00916nmm a2200277 a 4500
001 ocm000610284
003 TR-IsHL
005 20201028131237.0
008 131010s2012 tu tur
007 cr cn
020 _a9786054392865
035 _a610284
_b(N$T)
050 0 4 _aPL54.24
_b.Ü65 2012
090 0 4 _aPL54.24
_b.Ü65 2012
100 1 _aÜnlü, Suat
245 1 0 _aHarezm-Altınordu Türkçesi sözlüğü
_h[electronic resource] /
_cSuat Ünlü
250 _a1.bs.
260 _aKonya :
_bEğitim Akademi Yayınevi,
_c2012
300 _a720 p.
650 4 _aDil ve Edebiyat
650 4 _aLanguage and Literature
650 0 _aHarezm Türkçesi
_x Dilbilgisi
650 0 _aKhorezm Turkic language
_x Grammar
650 7 _aLANGUAGE ARTS & DISCIPLINES / Grammar & Punctuation
_2bisacsh
856 4 0 _uhttp://search.ebscohost.com/login.aspx?direct=true&scope=site&db=e011xww&AN=610284
999 _c4457
_d4457